| 000 | 00659nam a2200241Ia 4500 | ||
|---|---|---|---|
| 008 | 180523s9999 xx 000 0 und d | ||
| 020 | _a978-1-909313-90-3 | ||
| 050 | _aCUL TX 715 | ||
| 050 | _b.O54 2016 | ||
| 245 | 0 | _a101 hangover recipes : | |
| 245 | 0 | _bbeat the booze with these tasty recipes for morning-after munchies / | |
| 245 | 0 | _ccompiled by Dan Vaux-Nobes. | |
| 260 | _aLondon : | ||
| 260 | _bRyland Peters & Small, | ||
| 260 | _c2016 | ||
| 300 | _a144 pages : | ||
| 300 | _bcolored illustrations ; | ||
| 300 | _c20 cm. | ||
| 500 | _aIncludes index | ||
| 650 | _aCookbooks. | ||
| 650 | _aCooking, American. | ||
| 650 | _xCooking. | ||
| 999 |
_c357837 _d357837 |
||